Click the Ice Cream Flavor - Statistics

General Stats
  • This quiz has been taken 404 times
  • The average score is 14 of 20
Answers on the Map
Answers color-coded by a green-red scale on the quiz's map according to % correct below.
 
Answer Stats
Answer % Correct
Chocolate
89%
Mint Chocolate Chip
88%
Mango
84%
Strawberry
83%
Vanilla
82%
White Chocolate Raspberry
82%
Neapolitan
81%
Pistachio
81%
Superman
78%
Cookies and Cream
74%
Rocky Road
69%
Birthday Cake
67%
Cherry
64%
Cotton Candy
62%
Coffee
54%
Rainbow Sherbet
52%
Moose Tracks
45%
Chocolate Chip Cookie Dough
44%
Sea Salt Caramel
42%
Butter Pecan
40%
No matching quizzes found
Score Distribution
Percent of People with Each Score
Percentile by Number Answered
Your Score History
You have not taken this quiz